| 000 | 00862nam1a22002651 4500 | ||
|---|---|---|---|
| 001 | rc\4175205 | ||
| 005 | 20250807185148.0 | ||
| 035 | _a(NLR Aleph) 007999458 | ||
| 090 |
_a88650 _c88650 |
||
| 100 | _a20130415d1949 u y0rusy50 ca | ||
| 101 | 0 | _arus | |
| 102 | _aRU | ||
| 105 | _a z ||||| | ||
| 200 | 1 |
_aНаставление по маскировке (МАСК-42) _fШтаб инж. войск Красной Армии |
|
| 210 |
_aМосква _cВоениздат НКО СССР _d1949 |
||
| 215 | _d17 | ||
| 740 | 1 |
_aСССР _bВоенные уставы и наставления _3RU\NLR\AUTH\8810020873 |
|
| 801 | 0 |
_aRU _bNLR _gpsbo |
|
| 801 | 1 |
_aRU _bELAR _2rusmarc |
|
| 852 |
_aNLR _jВ60 Г-1/238 |
||
| 942 | _cBOOK | ||
| 945 | _aРоссийская национальная библиотека | ||
| 980 | _aNB | ||
| 980 | _aBV | ||